00466 2200145 4500001002100000008004100021035002000062245006800082100001800150260002500168300001400193082001000207650009000217990001300307INLIS000000000000513 ind  a0010-0322000513 aLEGENDA DAN DONGENG NUSANTARA BAWANG PUTIH & BAWANG MERAHcIKHA aPUPUT MUGIATI aSURABAYAbPRIMA JAYA ahlm.ccm. a398.2 aFOLK LITERATURE, FAIRY TALES, MYTH, MYTHOLOGY/CERITA RAKYAT, DONGENG, MITOS, MITOLOGI a102722-1